| 000 | 00578cam a2200133 4500500 | ||
|---|---|---|---|
| 005 | 20260111145840.0 | ||
| 041 | _afre | ||
| 042 | _adc | ||
| 245 | 0 | 0 | _aRené Domergue, La parole de l’estranger, l’intégration des étrangers dans un village du Midi 1900-1960, L’Harmattan, Paris, 2002, coll. « Questions sociologiques », 203 pages |
| 260 | _c2005. | ||
| 500 | _a4 | ||
| 786 | 0 | _nEthnologie française | 35 | 2 | 2005-06-01 | p. 355f-371f | 0046-2616 | |
| 856 | 4 | 1 | _uhttps://shs.cairn.info/revue-ethnologie-francaise-2005-2-page-355f?lang=fr&redirect-ssocas=7080 |
| 999 |
_c1636535 _d1636535 |
||